| 000 | 00615nam a22001457a 4500 | ||
|---|---|---|---|
| 008 | 150522b xxu||||| |||| 00| 0 eng d | ||
| 082 |
_a708 _bD 542m |
||
| 100 |
_aDiaz, Gonzalo _9817 |
||
| 245 |
_aMuerte en Venecia _bDeath in Venice _cDiaz,Gonzalo; Arestizabal, Irma (curadora); Bonanni, Alessandra (curadora adjunta) |
||
| 260 |
_aChile _bSalviat Impresores S.A. _c2005 |
||
| 300 |
_a93 p. _bill. (col) _c14x21.5 |
||
| 600 |
_aDiaz, Gonzalo _xExposiciones _92754 |
||
| 650 |
_xArte-Chile _xS.21 _xInstalaciones Arte-Chile _92755 |
||
| 700 |
_aGonzalo Diaz; Irma Arestizabal (curadora);Alessandra Bonanni (curadora adjunta) _92756 |
||
| 999 |
_c616 _d616 |
||